Welcome to the Holygrace Academy Library

Please use search bar below to get started

THE PRINCESS AND THE PEA (Record no. 311)

MARC details
000 -LEADER
fixed length control field 00335nam a22001337a 4500
020 ## - INTERNATIONAL STANDARD BOOK NUMBER
ISBN 81-7826-467-6
082 ## - DEWEY DECIMAL CLASSIFICATION NUMBER
Classification number 823
Item number AND/P
245 ## - TITLE STATEMENT
Title THE PRINCESS AND THE PEA
Remainder of title SHORT STORY
246 ## - VARYING FORM OF TITLE
Title proper/short title THE PRINCESS AND THE PEA
Remainder of title SHORT STORY
260 ## - PUBLICATION, DISTRIBUTION, ETC. (IMPRINT)
Place of publication DELHI
Name of publisher ROHAN BOOK COMPANY
300 ## - PHYSICAL DESCRIPTION
Number of Pages 221
520 ## - SUMMARY, ETC.
Summary, etc CHILDRENS SHORT STORY
942 ## - ADDED ENTRY ELEMENTS (KOHA)
Koha item type Books
Holdings
Withdrawn status Lost status Home library Current library Shelving location Date acquired Source of acquisition Cost, normal purchase price Full call number Accession Number Koha item type
    Main Library Main Library On Display 28/10/2006 Purchase 30.00 823 AND/P 02457 Books